[Event "RSA-ch U12"]
[Site "Bloemfontein"]
[Date "2016.03.20"]
[Round "1"]
[White "Steyn, Aidan"]
[Black "Thakersee, Rishay"]
[Result "0-1"]
[WhiteElo "1191"]
[BlackElo "1380"]
[PlyCount "184"]
[EventDate "2016.03.20"]
[EventType "swiss"]
[EventRounds "11"]
[EventCountry "RSA"]
[SourceTitle "CBM 171 Extra"]
[Source "ChessBase"]
[SourceDate "2016.04.26"]
[SourceVersion "1"]
[SourceVersionDate "2016.04.26"]
[SourceQuality "1"]

1. e4 e6 2. d4 d5 3. exd5 exd5 4. Nf3 Nf6 5. Nc3 Bf5 6. Bd3 Bxd3 7. Qxd3 Bd6 8. Bg5 c6 9. Qe2+ Qe7 10. Qxe7+ Bxe7 11. 0-0 0-0 12. Rfe1 Bd8 13. Re2 Nbd7 14. Rae1 h6 15. Bh4 Rc8 16. Ne5 Nxe5 17. dxe5 Nd7 18. Bxd8 Rcxd8 19. e6 fxe6 20. Rxe6 Nf6 21. Nd1 Rde8 22. f3 Rxe6 23. Rxe6 Re8 24. Rxe8+ Nxe8 25. Kf2 Kf7 26. c3 Nd6 27. b3 Ke6 28. g4 Nf7 29. f4 g6 30. Ke3 Nd6 31. Nf2 c5 32. h3 b6 33. a3 Nb5 34. a4 Nxc3 35. Kd3 Na2 36. Nd1 Nc1+ 37. Kc2 Ne2 38. Nf2 Nxf4 39. Kd2 Ke5 40. h4 Ng2 41. h5 g5 42. Nh3 Nf4 43. Nf2 Kd4 44. Nd1 Ng2 45. Nc3 a6 46. Ne2+ Ke5 47. Kc3 d4+ 48. Kc4 d3 49. Nc3 Ne3+ 50. Kxd3 Nxg4 51. a5 b5 52. Nxb5 Kd5 53. Nc7+ Kc6 54. Nxa6 Kb5 55. Nxc5 Kxc5 56. b4+ Kb5 57. Ke4 Nf6+ 58. Kf5 Nxh5 59. Kg4 Nf6+ 60. Kg3 Nd5 61. Kg4 Nxb4 62. Kh5 Kxa5 63. Kg4 Kb5 64. Kh5 Nd5 65. Kg4 Kc4 66. Kf5 Kd4 67. Kg4 Nb4 68. Kf5 Nc6 69. Kg4 Ke4 70. Kg3 Ne5 71. Kh3 Kf3 72. Kh2 Kg4 73. Kg2 Nc4 74. Kf2 Kh3 75. Kg1 Kg3 76. Kh1 g4 77. Kg1 Kh3 78. Kh1 g3 79. Kg1 g2 80. Kf2 Kh2 81. Kf3 g1Q 82. Ke4 Qe3+ 83. Kd5 Qe5+ 84. Kxc4 Qd6 85. Kb5 Qc7 86. Ka4 Qb7 87. Ka3 Kg2 88. Ka4 Kf3 89. Ka3 Ke3 90. Ka4 Kd4 91. Ka3 Kc3 92. Ka2 Qb2# 0-1